000
00272nam a22001337a 4500
008
170914b xxu||||| |||| 00| 0 eng d
020
_a
087121804
041
_a
eng
080
_a
7
100
_a
44
101
_a
ART
245
_a
CRAFTS
_c
SPRINTZEN, A
942
_2
udc
_c
BK
999
_c
27592
_d
27592